[Event "CAMPEONATO PANAMERICANO-CONTINENTAL ABSOLUTO 2010"
[Site "Cali, Departamento del Valle del Cauca"]
[Date "2010.11.18"]
[Round "3"]
[Board "1"]
[White "Kostov, Alex"]
[Black "Condori, Edwin"]
[Result "1/2-1/2"]
[WhiteElo "2055"]
[BlackElo "2171"]
[PlyCount "123"]
[EventDate "2010.11.17"]
[EventRounds "9"]
[EventCountry "COL"]

1.e4 c6 2.d4 d5 3.Nd2 dxe4 4.Nxe4 Nd7 5.Nf3 Ngf6 6.Bd3 Nxe4 7.Bxe4 Nf6 8.Bd3 Bg4
9.c3 e6 10.O-O Bd6 11.Re1 Qc7 12.h3 Bh5 13.Qe2 O-O-O 14.Qe3 Nd5 15.Qe4 Rhe8
16.Ne5 Bg6 17.Nxg6 hxg6 18.Bc4 Kb8 19.Qf3 Nb6 20.Bb3 c5 21.dxc5 Bxc5 22.Bf4 Bd6
23.Bxd6 Rxd6 24.Rad1 Red8 25.Rxd6 Rxd6 26.Rd1 Rxd1+ 27.Qxd1 Qd7 28.Qxd7 Nxd7
29.Kf1 g5 30.Ke2 Kc7 31.Ke3 Kd6 32.Bd1 f5 33.f4 gxf4+ 34.Kxf4 Ne5 35.Be2 Nf7
36.g4 g5+ 37.Kf3 Ne5+ 38.Ke3 Ng6 39.b4 Ke5 40.c4 b6 41.a3 Nh4 42.Bf1 f4+ 43.Kd3
Nf3 44.Ke2 Nh4 45.Kd3 Nf3 46.Ke2 Nh4 47.Kd3 Ng6 48.Bg2 f3 49.Bxf3 Nf4+ 50.Ke3
Nxh3 51.c5 bxc5 52.bxc5 Nf4 53.c6 Kd6 54.Kd4 Ng6 55.Be4 Ne7 56.c7 e5+ 57.Kc4
Kxc7 58.Kc5 Ng8 59.Kd5 Nf6+ 60.Kxe5 Nxg4+ 61.Kf5 Ne3+ 62.Kxg5

[Event "CAMPEONATO PANAMERICANO-CONTINENTAL ABSOLUTO 2010"
[Site "Cali, Departamento del Valle del Cauca"]
[Date "2010.11.18"]
[Round "3"]
[Board "1"]
[White "Gomez, Samael"]
[Black "Buitrago, Juan Carlos"]
[Result "1/2-1/2"]
[WhiteElo "1994"]
[BlackElo "2160"]
[PlyCount "36"]
[EventDate "2010.11.17"]
[EventRounds "9"]
[EventCountry "COL"]

1.Nf3 c5 2.g3 d5 3.Bg2 Nc6 4.O-O Nf6 5.d3 e5 6.e4 Be7 7.exd5 Nxd5 8.Re1 f6 9.Nc3
Nxc3 10.bxc3 Bg4 11.Qe2 O-O 12.Qe4 Qd7 13.a4 Bf5 14.Qc4+ Be6 15.Qe4 Bf5 16.Qc4+
Be6 17.Qe4 Bf5 18.Qc4+ Be6

[Event "CAMPEONATO PANAMERICANO-CONTINENTAL ABSOLUTO 2010"
[Site "Cali, Departamento del Valle del Cauca"]
[Date "2010.11.18"]
[Round "3"]
[Board "1"]
[White "Orozco, Lina Yomayra"]
[Black "Vacca, Leonardo"]
[Result "0-1"]
[WhiteElo "2137"]
[BlackElo "2043"]
[PlyCount "56"]
[EventDate "2010.11.17"]
[EventRounds "9"]
[EventCountry "COL"]

1.e4 d5 2.Nc3 Nf6 3.exd5 Nxd5 4.Nxd5 Qxd5 5.Nf3 Bg4 6.Be2 Nc6 7.O-O O-O-O 8.d3
e6 9.Bf4 f6 10.a3 g5 11.Bg3 e5 12.Re1 h5 13.h3 Bd7 14.Nd2 Qf7 15.Ne4 Be7 16.c4
f5 17.Nc3 g4 18.hxg4 hxg4 19.f3 Bc5+ 20.Bf2 Rh1+ 21.Kxh1 Bxf2 22.g3 Bxg3 23.Kg2
Bxe1 24.Qxe1 Nd4 25.Qh4 Nxe2 26.Nxe2 Bc6 27.Ng1 Qg7 28.Kf2 e4

[Event "CAMPEONATO PANAMERICANO-CONTINENTAL ABSOLUTO 2010"
[Site "Cali, Departamento del Valle del Cauca"]
[Date "2010.11.18"]
[Round "3"]
[Board "1"]
[White "Saladen, Rafael"]
[Black "Castrillon Gomez, Melissa"]
[Result "0-1"]
[WhiteElo "2195"]
[BlackElo "2013"]
[PlyCount "56"]
[EventDate "2010.11.17"]
[EventRounds "9"]
[EventCountry "COL"]

1.d4 Nf6 2.c4 g6 3.Nf3 Bg7 4.g3 O-O 5.Bg2 d6 6.Nc3 Nc6 7.d5 Na5 8.Nd2 c5 9.Rb1
Rb8 10.a3 Nd7 11.Nb5 a6 12.Na7 Ne5 13.Qc2 Qc7 14.b4 cxb4 15.axb4 Naxc4 16.f4 Qb6
17.Nxc8 Rbxc8 18.fxe5 Na3 19.Qa2 Nxb1 20.Qxb1 Bxe5 21.Nf3 Bc3+ 22.Bd2 Bxd2+
23.Kxd2 Rc4 24.Rc1 Rfc8 25.Rxc4 Rxc4 26.b5 Qa5+ 27.Ke3 Qa3+ 28.Kf2 Qc5+

[Event "CAMPEONATO PANAMERICANO-CONTINENTAL ABSOLUTO 2010"
[Site "Cali, Departamento del Valle del Cauca"]
[Date "2010.11.18"]
[Round "3"]
[Board "1"]
[White "Heredia Serrano, Carla"]
[Black "Lopez Idarraga, Daniel Eduardo"]
[Result "0-1"]
[WhiteElo "2087"]
[BlackElo "1997"]
[PlyCount "136"]
[EventDate "2010.11.17"]
[EventRounds "9"]
[EventCountry "COL"]

1.e4 c5 2.Nf3 Nc6 3.Bb5 g6 4.Bxc6 bxc6 5.O-O Bg7 6.d3 Nh6 7.Nc3 O-O 8.Be3 d6
9.h3 f6 10.Qd2 Nf7 11.a3 Rb8 12.b4 cxb4 13.axb4 Rxb4 14.Rxa7 Rb7 15.Rxb7 Bxb7
16.Rb1 Qc7 17.Nd4 Bc8 18.Na4 e5 19.Nb3 Be6 20.Qc3 Rb8 21.Nd2 Rxb1+ 22.Nxb1 f5
23.Na3 f4 24.Bd2 h5 25.Qa5 Qe7 26.f3 Qg5 27.Kf1 Qg3 28.Be1 Qh2 29.Bf2 Qh1+
30.Bg1 Ng5 31.Qd8+ Kf7 32.Qxg5 Bf6 33.Qh6 Bxh3 34.Qh7+ Bg7 35.gxh3 Qxf3+ 36.Ke1
Qh1 37.Kf2 f3 38.Nc3 Qg2+ 39.Ke3 Qxg1+ 40.Kxf3 Qf1+ 41.Ke3 Qc1+ 42.Ke2 Qxa3
43.Nd1 Qc1 44.Ne3 d5 45.h4 d4 46.Nc4 Qxc2+ 47.Ke1 Qb1+ 48.Ke2 Qb8 49.Kd1 Qc7
50.Nd2 Qd7 51.Kc2 Qg4 52.Nc4 Qe2+ 53.Kc1 Qe1+ 54.Kb2 Qc3+ 55.Ka2 Qc2+ 56.Ka1
Qa4+ 57.Kb2 Qb4+ 58.Ka2 Qb8 59.Ka1 Kf6 60.Ka2 Qh8 61.Qxh8 Bxh8 62.Kb3 g5
63.hxg5+ Kxg5 64.Nd6 h4 65.Nf7+ Kg6 66.Nd6 h3 67.Nf5 h2 68.Ng3 Kg5

[Event "CAMPEONATO PANAMERICANO-CONTINENTAL ABSOLUTO 2010"
[Site "Cali, Departamento del Valle del Cauca"]
[Date "2010.11.18"]
[Round "3"]
[Board "1"]
[White "Hernandez, Oscar Eduardo"]
[Black "Romero Echeverria, Abigail"]
[Result "0-1"]
[WhiteElo "2025"]
[BlackElo "2068"]
[PlyCount "122"]
[EventDate "2010.11.17"]
[EventRounds "9"]
[EventCountry "COL"]

1.e4 c5 2.Nf3 e6 3.d4 cxd4 4.Nxd4 a6 5.Bd3 g6 6.Be3 Bg7 7.Nc3 Ne7 8.O-O d5
9.exd5 Nxd5 10.Nxd5 Qxd5 11.c4 Qd8 12.Nb3 O-O 13.Be4 Qc7 14.Qe2 Nc6 15.Rfd1 f5
16.Bxc6 Qxc6 17.Bc5 Re8 18.Rd6 Qc7 19.Rad1 e5 20.Bb6 Qf7 21.Nc5 Be6 22.Nxe6 Rxe6
23.c5 Rae8 24.Rd7 R6e7 25.Rxe7 Rxe7 26.Rd8+ Re8 27.Qd2 h6 28.Qd7 Rxd8 29.Qxd8+
Kh7 30.b3 e4 31.g3 Qe6 32.Qd6 Qe5 33.Qxe5 Bxe5 34.Kf1 Kg7 35.Ke2 Kf7 36.Ke3 Ke6
37.Bd8 Kd5 38.h4 Bd4+ 39.Ke2 Bxc5 40.Bf6 Bd4 41.Be7 Bg7 42.Ke3 Ke6 43.Bc5 g5
44.hxg5 hxg5 45.Bb6 Bf6 46.g4 Be7 47.gxf5+ Kxf5 48.Bd4 Bd6 49.Ke2 Bf4 50.Bc3 Be5
51.Bd2 Bd4 52.Bc1 g4 53.Bd2 Bb6 54.Bc3 e3 55.fxe3 Ke4 56.Bd2 g3 57.Be1 Bc7 58.b4
b5 59.a3 Be5 60.Kf1 Kxe3 61.Kg2 Kd3

[Event "CAMPEONATO PANAMERICANO-CONTINENTAL ABSOLUTO 2010"
[Site "Cali, Departamento del Valle del Cauca"]
[Date "2010.11.18"]
[Round "4"]
[Board "1"]
[White "Ortiz Suarez, Isan Reynaldo"]
[Black "Arenas, David"]
[Result "1-0"]
[WhiteElo "2543"]
[BlackElo "2443"]
[PlyCount "73"]
[EventDate "2010.11.17"]
[EventRounds "9"]
[EventCountry "COL"]

1.e4 c5 2.Nf3 d6 3.d4 cxd4 4.Nxd4 Nf6 5.Nc3 g6 6.Be3 Bg7 7.f3 O-O 8.Qd2 Nc6
9.Bc4 Bd7 10.Bb3 Ne5 11.O-O-O Rc8 12.Kb1 Re8 13.h4 h5 14.g4 hxg4 15.h5 Nxh5
16.Bh6 e6 17.Rdg1 Qf6 18.fxg4 Bxh6 19.Qxh6 Qg7 20.Qd2 Nf6 21.g5 Nh5 22.Nce2 Bc6
23.Ng3 Nxg3 24.Rxg3 Bxe4 25.Rh4 Bf5 26.Rg1 Rc5 27.a3 Bg4 28.Rhxg4 Nxg4 29.Rxg4
Qh8 30.Rg1 Qh3 31.Qf2 Re5 32.Rf1 Re7 33.Qf6 Rd7 34.Ba4 b5 35.Bxb5 Rb7 36.Bc6 Rc7
37.Rh1

[Event "CAMPEONATO PANAMERICANO-CONTINENTAL ABSOLUTO 2010"
[Site "Cali, Departamento del Valle del Cauca"]
[Date "2010.11.18"]
[Round "4"]
[Board "1"]
[White "Lima, Darcy"]
[Black "Sanabria Rangel, Sergio Andres"]
[Result "1/2-1/2"]
[WhiteElo "2482"]
[BlackElo "2335"]
[PlyCount "86"]
[EventDate "2010.11.17"]
[EventRounds "9"]
[EventCountry "COL"]

1.d4 Nf6 2.c4 g6 3.Nc3 Bg7 4.e4 d6 5.Be2 O-O 6.Be3 c5 7.e5 Ne8 8.dxc5 Bxe5 9.Nf3
Bxc3+ 10.bxc3 Nd7 11.Bh6 Ng7 12.cxd6 Re8 13.dxe7 Qxe7 14.Nd4 Nc5 15.O-O b6
16.Re1 Bb7 17.f3 Qf6 18.Qd2 Nce6 19.Bf1 Ba6 20.Be3 Rac8 21.Nxe6 Qxe6 22.Bd4 Qc6
23.Rxe8+ Rxe8 24.Re1 Bxc4 25.Rxe8+ Nxe8 26.Bxc4 Qxc4 27.h4 Qd5 28.Qe3 Kf8 29.a4
h5 30.Qf4 Nd6 31.Bf6 Qe6 32.Qh6+ Ke8 33.Qh8+ Kd7 34.Qd8+ Kc6 35.Qa8+ Kc5 36.Bd4+
Kc4 37.Qc6+ Kd3 38.Kh2 Nf5 39.Qb5+ Kd2 40.Qb2+ Kd1 41.Qb1+ Kd2 42.Qb2+ Kd1
43.Qb1+ Kd2

[Event "CAMPEONATO PANAMERICANO-CONTINENTAL ABSOLUTO 2010"
[Site "Cali, Departamento del Valle del Cauca"]
[Date "2010.11.18"]
[Round "4"]
[Board "1"]
[White "Rios, Cristhian Camilo"]
[Black "Zapata, Alonso"]
[Result "1-0"]
[WhiteElo "2405"]
[BlackElo "2482"]
[PlyCount "119"]
[EventDate "2010.11.17"]
[EventRounds "9"]
[EventCountry "COL"]

1.d4 Nf6 2.c4 d6 3.Nc3 Nbd7 4.e4 e5 5.Nge2 c6 6.d5 Nc5 7.f3 a5 8.Be3 Be7 9.Qd2
a4 10.Nc1 O-O 11.Nd3 Nfd7 12.Rb1 Nxd3+ 13.Bxd3 Nc5 14.Bc2 cxd5 15.Nxd5 Be6
16.O-O Bxd5 17.Qxd5 Qc7 18.Rbd1 Ne6 19.b3 axb3 20.axb3 Ra2 21.Rf2 Rfa8 22.Qd3
Nc5 23.Qc3 Qc6 24.Rfd2 h6 25.Rd5 Ne6 26.Bb1 Ra1 27.Qc2 Nc7 28.R5d3 Na6 29.Qc3
Nc5 30.Rd5 Nxb3 31.Qxb3 R8a3 32.Qb2 Qxc4 33.Bf2 Qc6 34.Qb5 Rc3 35.Qxc6 bxc6
36.R5d2 g6 37.Kf1 Kg7 38.Ke2 Ra4 39.Bb6 c5 40.Bc7 Rd4 41.Rxd4 exd4 42.Ba5 Ra3
43.Be1 Bf6 44.Bd3 Bg5 45.Bd2 f5 46.f4 fxe4 47.Bxe4 Be7 48.Bd5 g5 49.Rb1 Kf6
50.Rb7 g4 51.Be1 Re3+ 52.Kd2 Kf5 53.Bf2 Kxf4 54.Bxe3+ dxe3+ 55.Kd3 Bg5 56.Rb8
Ke5 57.Kc4 Kf6 58.g3 h5 59.Re8 h4 60.Be6

[Event "CAMPEONATO PANAMERICANO-CONTINENTAL ABSOLUTO 2010"
[Site "Cali, Departamento del Valle del Cauca"]
[Date "2010.11.18"]
[Round "4"]
[Board "1"]
[White "Cori, Jorge"]
[Black "Munoz, Julian Andres"]
[Result "1-0"]
[WhiteElo "2502"]
[BlackElo "2158"]
[PlyCount "101"]
[EventDate "2010.11.17"]
[EventRounds "9"]
[EventCountry "COL"]

1.e4 c5 2.Nf3 Nc6 3.Bb5 Qc7 4.c3 Nf6 5.Qe2 e6 6.O-O a6 7.Ba4 b5 8.Bc2 e5 9.a4 b4
10.d4 cxd4 11.cxd4 d6 12.d5 Na5 13.Bg5 Bg4 14.Rc1 Bxf3 15.Qxf3 Be7 16.Nd2 O-O
17.Bd3 Qb7 18.Be3 Nd7 19.Qe2 Nc5 20.Bxc5 dxc5 21.b3 Bd6 22.g3 Ra7 23.Rf1 f6
24.h4 Kh8 25.h5 Qc8 26.Kg2 Qa8 27.Rab1 Raf7 28.Bxa6 f5 29.exf5 Rxf5 30.Bd3 e4
31.Bxe4 Re5 32.Nf3 Re7 33.Ng5 Re5 34.f4 Re7 35.Ne6 Rfe8 36.f5 Nb7 37.h6 gxh6
38.f6 Rf7 39.Qh5 Ref8 40.Nxf8 Qxf8 41.Rf3 c4 42.bxc4 Nc5 43.Bf5 Rxf6 44.Rbf1 Qf7
45.Qxf7 Rxf7 46.Bc2 Rxf3 47.Rxf3 Kg7 48.a5 h5 49.Rf5 h4 50.gxh4 Na6 51.Rg5+

[Event "CAMPEONATO PANAMERICANO-CONTINENTAL ABSOLUTO 2010"
[Site "Cali, Departamento del Valle del Cauca"]
[Date "2010.11.18"]
[Round "4"]
[Board "1"]
[White "Guerra Tulcan, Lenin"]
[Black "Garcia, Gildardo"]
[Result "1/2-1/2"]
[WhiteElo "2350"]
[BlackElo "2378"]
[PlyCount "35"]
[EventDate "2010.11.17"]
[EventRounds "9"]
[EventCountry "COL"]

1.e4 c5 2.Nf3 d6 3.d4 cxd4 4.Nxd4 Nf6 5.Nc3 a6 6.Be2 e5 7.Nf3 Be7 8.O-O h6 9.a4
Nc6 10.b3 O-O 11.Bb2 Be6 12.Re1 Rc8 13.Bf1 Bg4 14.h3 Bxf3 15.Qxf3 Nd4 16.Qd1 b5
17.Bd3 Qb6 18.Qd2

[Event "CAMPEONATO PANAMERICANO-CONTINENTAL ABSOLUTO 2010"
[Site "Cali, Departamento del Valle del Cauca"]
[Date "2010.11.18"]
[Round "4"]
[Board "1"]
[White "Arribas Robaina, Maritza"]
[Black "Barrientos, Sergio E"]
[Result "0-1"]
[WhiteElo "2281"]
[BlackElo "2516"]
[PlyCount "84"]
[EventDate "2010.11.17"]
[EventRounds "9"]
[EventCountry "COL"]

1.Nf3 c5 2.c4 Nf6 3.g3 e6 4.Bg2 Be7 5.Nc3 O-O 6.O-O Nc6 7.d4 cxd4 8.Nxd4 d5
9.cxd5 exd5 10.Bf4 a6 11.Rc1 Re8 12.Nxc6 bxc6 13.a3 Bg4 14.Re1 Bd6 15.Qa4 Bxf4
16.Qxf4 Qa5 17.h3 Be6 18.Qa4 Qb6 19.Qc2 Qa7 20.Na4 Rac8 21.Nc5 a5 22.Red1 h5
23.Rd4 Rb8 24.e3 Nd7 25.Nxd7 Qxd7 26.b4 axb4 27.axb4 Bf5 28.Qe2 g6 29.Kh2 Be4
30.f3 Bf5 31.Qd2 Qe7 32.e4 dxe4 33.fxe4 Be6 34.Rxc6 h4 35.gxh4 Qxh4 36.e5 Qe7
37.Qf4 Bf5 38.e6 Bxe6 39.Rc7 Qf8 40.Bc6 Red8 41.Rb7 Rxd4 42.Qxd4 Rxb7

[Event "CAMPEONATO PANAMERICANO-CONTINENTAL ABSOLUTO 2010"
[Site "Cali, Departamento del Valle del Cauca"]
[Date "2010.11.18"]
[Round "4"]
[Board "1"]
[White "Escobar Forero, Alder"]
[Black "Vittorino, Carlo Giovanni"]
[Result "1/2-1/2"]
[WhiteElo "2456"]
[BlackElo "2305"]
[PlyCount "87"]
[EventDate "2010.11.17"]
[EventRounds "9"]
[EventCountry "COL"]

1.e4 c5 2.Nf3 d6 3.d4 cxd4 4.Nxd4 Nf6 5.Nc3 a6 6.Bg5 e6 7.f4 Nbd7 8.Qf3 Be7
9.O-O-O Qc7 10.Bd3 h6 11.Qh3 Nc5 12.f5 Bd7 13.Rhe1 O-O-O 14.Bh4 Kb8 15.Kb1 Bc8
16.Nb3 Rhe8 17.Bf2 Nfd7 18.fxe6 fxe6 19.e5 dxe5 20.Ne4 b6 21.Nexc5 Nxc5 22.Nxc5
Bxc5 23.Bxc5 bxc5 24.Be4 Rxd1+ 25.Rxd1 Rd8 26.Re1 Rd4 27.c3 Rd2 28.Kc1 Rd8
29.Qe3 Rf8 30.g3 Rf6 31.Bd3 c4 32.Be4 Qa7 33.Qe2 Qc5 34.Bg2 Rf2 35.Qe4 Kc7
36.Bf1 Bb7 37.Qxc4 Qxc4 38.Bxc4 Rxh2 39.Rxe5 Rg2 40.Re3 e5 41.b4 Kd6 42.a4 e4
43.Be2 Ke5 44.a5

[Event "CAMPEONATO PANAMERICANO-CONTINENTAL ABSOLUTO 2010"
[Site "Cali, Departamento del Valle del Cauca"]
[Date "2010.11.18"]
[Round "4"]
[Board "1"]
[White "Torres, Jose Arturo"]
[Black "Molina, Roberto Junio Brito"]
[Result "0-1"]
[WhiteElo "2202"]
[BlackElo "2401"]
[PlyCount "48"]
[EventDate "2010.11.17"]
[EventRounds "9"]
[EventCountry "COL"]

1.e4 c6 2.c4 d5 3.exd5 cxd5 4.cxd5 Nf6 5.Nc3 Nxd5 6.Bc4 e6 7.Nf3 Be7 8.O-O O-O
9.d4 Nc6 10.a3 Bf6 11.Ne4 Nce7 12.Qe2 b6 13.Rd1 Bb7 14.Ne5 Nf5 15.Qg4 Be7 16.Qh3
Rc8 17.Bd3 g6 18.Ng3 Bg5 19.Nxf5 exf5 20.Qg3 Bh4 21.Qh3 Rxc1 22.Raxc1 Nf4 23.Qe3
Nxg2 24.Qh6 Bg5

[Event "CAMPEONATO PANAMERICANO-CONTINENTAL ABSOLUTO 2010"
[Site "Cali, Departamento del Valle del Cauca"]
[Date "2010.11.18"]
[Round "4"]
[Board "1"]
[White "Chirivi C, Jenny Astrid"]
[Black "Cori T, Deysi"]
[Result "0-1"]
[WhiteElo "2244"]
[BlackElo "2384"]
[PlyCount "70"]
[EventDate "2010.11.17"]
[EventRounds "9"]
[EventCountry "COL"]

1.d4 e6 2.c4 Nf6 3.Nf3 b6 4.a3 Ba6 5.Qc2 c5 6.e4 cxd4 7.Nxd4 Bc5 8.Nb3 Nc6 9.Be2
Rc8 10.O-O O-O 11.Bf4 e5 12.Be3 Bxe3 13.fxe3 Ne7 14.N1d2 d5 15.exd5 Nexd5 16.Rf3
Bxc4 17.Nxc4 b5 18.Nbd2 bxc4 19.Nxc4 Qb6 20.Qd2 Qe6 21.Rd1 h6 22.Qa5 Nb6 23.Nxb6
axb6 24.Qa4 Rc5 25.Rdf1 e4 26.Rf4 Rd8 27.Rd1 Rxd1+ 28.Bxd1 Qe5 29.Qb3 Rb5 30.Qc4
Rxb2 31.h4 Qc5 32.Qxc5 bxc5 33.Kh2 c4 34.Kg3 c3 35.Rf2 Nh5+

[Event "CAMPEONATO PANAMERICANO-CONTINENTAL ABSOLUTO 2010"
[Site "Cali, Departamento del Valle del Cauca"]
[Date "2010.11.18"]
[Round "4"]
[Board "1"]
[White "Arias, Lemmys A"]
[Black "Garavito, Miguel Angel"]
[Result "1-0"]
[WhiteElo "2352"]
[BlackElo "2253"]
[PlyCount "151"]
[EventDate "2010.11.17"]
[EventRounds "9"]
[EventCountry "COL"]

1.d4 Nf6 2.c4 e6 3.Nf3 b6 4.g3 Ba6 5.Nbd2 Bb4 6.Qa4 Qe7 7.a3 Bxd2+ 8.Bxd2 Bb7
9.Bg2 O-O 10.O-O d6 11.Rac1 Nbd7 12.Rfd1 Ne4 13.Be3 f5 14.b4 a5 15.Qb3 Ndf6
16.d5 e5 17.Ng5 Nxg5 18.Bxg5 h6 19.Bxf6 Qxf6 20.e3 axb4 21.axb4 f4 22.exf4 exf4
23.Qc2 Bc8 24.Re1 Bd7 25.Qd2 f3 26.Bf1 Rae8 27.h4 Rxe1 28.Rxe1 Re8 29.Kh2 Rxe1
30.Qxe1 g5 31.hxg5 hxg5 32.Qe4 Qf5 33.Qe3 Kf7 34.Kg1 g4 35.Bd3 Qe5 36.Qh6 Qe1+
37.Bf1 Qe4 38.Qh8 Bf5 39.Qd8 Qe7 40.Qh8 Kg6 41.Qd4 Qe5 42.Qd2 Qe4 43.b5 Qe5
44.Kh2 Kf7 45.Kg1 Ke8 46.Qh6 Bc2 47.Qh4 Qg7 48.Qh5+ Kd7 49.Qh4 Bh7 50.Qh5 Kc8
51.Qe8+ Kb7 52.Qc6+ Ka7 53.c5 dxc5 54.d6 cxd6 55.Bc4 Qe7 56.Qc8 d5 57.Qa6+ Kb8
58.Qxb6+ Kc8 59.Qc6+ Kb8 60.Qxd5 Qe1+ 61.Bf1 Qe7 62.b6 Be4 63.Qd2 Kb7 64.Qa5 Kb8
65.Qe1 Qh7 66.Qe3 Qf5 67.Qa3 Bb7 68.Qc3 Bc6 69.Qg7 Bd7 70.Qe7 Ka8 71.Qd8+ Bc8
72.Bd3 Qd7 73.Qf6 Qa4 74.Qe7 Qa1+ 75.Bf1 Qa4 76.Qc7

[Event "CAMPEONATO PANAMERICANO-CONTINENTAL ABSOLUTO 2010"
[Site "Cali, Departamento del Valle del Cauca"]
[Date "2010.11.18"]
[Round "4"]
[Board "1"]
[White "Salazar, Aura Cristina"]
[Black "Panesso Rivera, Henry"]
[Result "0-1"]
[WhiteElo "2150"]
[BlackElo "2333"]
[PlyCount "56"]
[EventDate "2010.11.17"]
[EventRounds "9"]
[EventCountry "COL"]

1.e4 c5 2.Nf3 d6 3.d4 cxd4 4.Nxd4 Nf6 5.Nc3 Nc6 6.Bc4 e6 7.O-O a6 8.Bb3 Be7
9.Be3 O-O 10.f4 Nxd4 11.Bxd4 b5 12.Qf3 Bb7 13.a3 a5 14.Rae1 Bc6 15.Qh3 Qd7
16.Kh1 b4 17.axb4 axb4 18.Bxf6 Bxf6 19.e5 Be7 20.Nd1 dxe5 21.Rxe5 Ra1 22.c3 bxc3
23.bxc3 Rd8 24.Qg4 Bf6 25.Re3 Qb7 26.Bc2 Rd2 27.Re2 Bf3 28.Bxh7+ Kf8

[Event "CAMPEONATO PANAMERICANO-CONTINENTAL ABSOLUTO 2010"
[Site "Cali, Departamento del Valle del Cauca"]
[Date "2010.11.18"]
[Round "4"]
[Board "1"]
[White "Zuluaga, Cesar"]
[Black "Tobar, Juan Carlos"]
[Result "1-0"]
[WhiteElo "2316"]
[BlackElo "2016"]
[PlyCount "113"]
[EventDate "2010.11.17"]
[EventRounds "9"]
[EventCountry "COL"]

1.d4 d6 2.Nf3 g6 3.c4 Bg7 4.Nc3 Nc6 5.h3 e5 6.d5 Nce7 7.e4 f5 8.Ng5 h6 9.Ne6
Bxe6 10.dxe6 fxe4 11.Nxe4 Nf6 12.Nxf6+ Bxf6 13.Qf3 Nc6 14.Bd3 Rg8 15.Bxh6 Qe7
16.Be3 Qxe6 17.O-O Nd8 18.Be4 c6 19.Rfd1 Be7 20.Rac1 Qf7 21.Qg4 Ne6 22.b4 Nd8
23.b5 Qf6 24.a4 a5 25.Bb6 Kf8 26.Rc3 Kg7 27.Rf3 Qe6 28.Bf5 Qf6 29.Rg3 g5 30.Rf3
Rf8 31.Bc8 Qg6 32.Qd7 Qe8 33.Qxe8 Rxe8 34.Bd7 Rf8 35.Rxf8 Bxf8 36.Bc7 Nf7 37.b6
Kf6 38.Bxc6 bxc6 39.b7 Re8 40.b8=Q Rxb8 41.Bxb8 Ke6 42.Bc7 d5 43.cxd5+ cxd5
44.Bxa5 Bc5 45.Bd2 d4 46.f3 Kd5 47.Rc1 Nd6 48.Kf1 d3 49.Bxg5 e4 50.a5 Kd4 51.a6
exf3 52.gxf3 Nc4 53.Kg2 Ba7 54.h4 d2 55.Bxd2 Nxd2 56.Rc7 Bb6 57.Rb7

[Event "CAMPEONATO PANAMERICANO-CONTINENTAL ABSOLUTO 2010"
[Site "Cali, Departamento del Valle del Cauca"]
[Date "2010.11.18"]
[Round "4"]
[Board "1"]
[White "Uribe, Mauricio"]
[Black "Cuellar, Diego"]
[Result "1/2-1/2"]
[WhiteElo "2381"]
[BlackElo "2133"]
[PlyCount "44"]
[EventDate "2010.11.17"]
[EventRounds "9"]
[EventCountry "COL"]

1.e4 e5 2.Nf3 Nc6 3.Bb5 a6 4.Bxc6 dxc6 5.O-O f6 6.d4 exd4 7.Nxd4 c5 8.Nb3 Qxd1
9.Rxd1 Bg4 10.f3 Be6 11.Be3 b6 12.Nc3 Bd6 13.a4 a5 14.Nb5 O-O-O 15.Rd2 Nh6
16.Nxd6+ Rxd6 17.Rad1 Nf7 18.Bf4 Rdd8 19.Nc1 Rxd2 20.Rxd2 Rd8 21.Rxd8+ Kxd8
22.g4 Bd7

[Event "CAMPEONATO PANAMERICANO-CONTINENTAL ABSOLUTO 2010"
[Site "Cali, Departamento del Valle del Cauca"]
[Date "2010.11.18"]
[Round "4"]
[Board "1"]
[White "Contreras, Henry"]
[Black "Sanchez, Victor Hugo"]
[Result "1-0"]
[WhiteElo "2202"]
[BlackElo "2293"]
[PlyCount "51"]
[EventDate "2010.11.17"]
[EventRounds "9"]
[EventCountry "COL"]

1.e4 c5 2.Nf3 Nc6 3.d4 cxd4 4.Nxd4 Nf6 5.Nc3 d6 6.Be2 g6 7.Be3 Bg7 8.O-O O-O
9.Nb3 Be6 10.f4 a5 11.Kh1 a4 12.Nd4 Nxd4 13.Bxd4 a3 14.b3 Rc8 15.Rc1 Qa5 16.Qd3
Nh5 17.Nb1 Bxd4 18.Qxd4 Nf6 19.c4 Qc5 20.Qxc5 dxc5 21.e5 Ng4 22.Bf3 Ra8 23.h3
Ne3 24.Rfe1 Nf5 25.Bxb7 Ra7 26.Bd5

[Event "CAMPEONATO PANAMERICANO-CONTINENTAL ABSOLUTO 2010"
[Site "Cali, Departamento del Valle del Cauca"]
[Date "2010.11.18"]
[Round "4"]
[Board "1"]
[White "Kostov, Alex"]
[Black "Mateus, Alejandro"]
[Result "1/2-1/2"]
[WhiteElo "2055"]
[BlackElo "2274"]
[PlyCount "123"]
[EventDate "2010.11.17"]
[EventRounds "9"]
[EventCountry "COL"]

1.e4 c5 2.c3 Nf6 3.e5 Nd5 4.Nf3 Nc6 5.Bc4 Nb6 6.Be2 d6 7.exd6 e6 8.d4 cxd4
9.Nxd4 Nxd4 10.Qxd4 Qxd6 11.Qxd6 Bxd6 12.Nd2 Bd7 13.Nc4 Nxc4 14.Bxc4 Rc8 15.Be2
Bc6 16.O-O Ke7 17.Be3 a5 18.f4 a4 19.Bd4 a3 20.bxa3 Ra8 21.Bf3 Rhc8 22.Rab1 Rxa3
23.Bxc6 bxc6 24.Rb7+ Ke8 25.Bxg7 Rxa2 26.Be5 Rd8 27.Rfb1 Rc2 28.Bf6 Ra8 29.Rd1
Bxf4 30.Re7+ Kf8 31.Red7 Rc1 32.Rxc1 Bxc1 33.Rc7 Be3+ 34.Kf1 Bf4 35.Rxc6 Bxh2
36.Kf2 Bf4 37.Kf3 Bh6 38.Rc7 Bg7 39.Be7+ Ke8 40.Bg5 Be5 41.Rc4 Kd7 42.Rh4 Rg8
43.Be3 Rg3+ 44.Ke4 Kd6 45.Bc5+ Kxc5 46.Kxe5 Rxg2 47.Rxh7 Rf2 48.Rh3 Kc4 49.Rg3
Rf5+ 50.Ke4 Rc5 51.Rf3 f5+ 52.Kf4 Kb3 53.Re3 Rc6 54.Ke5 Rxc3 55.Re1 Rc6 56.Rd1
Kc2 57.Rd8 Ra6 58.Rd7 Ra3 59.Kxe6 f4 60.Ke5 f3 61.Ke4 Ra4+ 62.Kxf3

[Event "CAMPEONATO PANAMERICANO-CONTINENTAL ABSOLUTO 2010"
[Site "Cali, Departamento del Valle del Cauca"]
[Date "2010.11.18"]
[Round "4"]
[Board "1"]
[White "Cadena, Gustavo Adolfo"]
[Black "Renteria, Rolando"]
[Result "1-0"]
[WhiteElo "2051"]
[BlackElo "2201"]
[PlyCount "55"]
[EventDate "2010.11.17"]
[EventRounds "9"]
[EventCountry "COL"]

1.d4 d5 2.c4 Nc6 3.cxd5 Qxd5 4.e3 e5 5.Nc3 Bb4 6.Bd2 Bxc3 7.Bxc3 exd4 8.Ne2 Nf6
9.Nxd4 O-O 10.Nb5 Qg5 11.Nxc7 Bg4 12.Qb3 Rad8 13.h3 Bc8 14.Nb5 Rfe8 15.Bxf6 gxf6
16.h4 Qg4 17.Rh3 Kf8 18.Rg3 Qxh4 19.Rc1 Re7 20.Rd1 Rxd1+ 21.Kxd1 Qh1 22.Ke1 h5
23.Qc2 h4 24.Qh7 Ke8 25.Rg8+ Kd7 26.Qd3+ Ke6 27.Qd6+ Kf5 28.Rxc8

[Event "CAMPEONATO PANAMERICANO-CONTINENTAL ABSOLUTO 2010"
[Site "Cali, Departamento del Valle del Cauca"]
[Date "2010.11.18"]
[Round "4"]
[Board "1"]
[White "Lopez Idarraga, Daniel Eduardo"]
[Black "Fandino Reyes, Roquelina"]
[Result "0-1"]
[WhiteElo "1997"]
[BlackElo "2177"]
[PlyCount "114"]
[EventDate "2010.11.17"]
[EventRounds "9"]
[EventCountry "COL"]

1.e4 e5 2.Nf3 Nc6 3.Bb5 a6 4.Bxc6 dxc6 5.O-O Bd6 6.d4 Bg4 7.dxe5 Bxf3 8.Qxf3
Bxe5 9.Nc3 Qe7 10.Rd1 h6 11.Bf4 Nf6 12.Bxe5 Qxe5 13.Rd3 O-O 14.Rad1 Rfe8 15.g3
Nxe4 16.Nxe4 Qxe4 17.Qxe4 Rxe4 18.Rd7 Rc8 19.Rd8+ Re8 20.R8d7 Re2 21.Rd8+ Rxd8
22.Rxd8+ Kh7 23.Rd7 Rxc2 24.b3 Rxa2 25.Rxc7 Ra5 26.Rxb7 Rb5 27.Rxf7 Rxb3 28.Ra7
Rb6 29.Kf1 c5 30.Rc7 Rb5 31.f4 a5 32.f5 Kg8 33.Ke2 a4 34.Ra7 Rb2+ 35.Kd3 Rxh2
36.Rxa4 Rh3 37.Rg4 h5 38.Rg5 h4 39.Kc4 Rxg3 40.Rh5 Rg4+ 41.Kxc5 Kf7 42.Kd6 Kf6
43.Kd5 Ra4 44.Rh7 Rf4 45.Kd6 Rd4+ 46.Kc5 Rg4 47.Rh5 Ke5 48.Kc6 Kf4 49.Kd6 Kg3
50.Ke6 h3 51.Kf7 h2 52.Rh7 Rh4 53.Rxh4 Kxh4 54.Kxg7 h1=Q 55.f6 Qa1 56.Kg6 Qe5
57.f7 Qh8

[Event "CAMPEONATO PANAMERICANO-CONTINENTAL ABSOLUTO 2010"
[Site "Cali, Departamento del Valle del Cauca"]
[Date "2010.11.18"]
[Round "4"]
[Board "1"]
[White "Suasnabar, Jesus"]
[Black "Alvarez, Javier"]
[Result "0-1"]
[WhiteElo "1967"]
[BlackElo "2160"]
[PlyCount "44"]
[EventDate "2010.11.17"]
[EventRounds "9"]
[EventCountry "COL"]

1.d4 Nf6 2.Nf3 g6 3.c4 Bg7 4.Nc3 O-O 5.Bf4 d6 6.h3 c6 7.e3 a6 8.Be2 b5 9.a3 Nbd7
10.O-O Bb7 11.Rc1 Rc8 12.d5 bxc4 13.Bxc4 cxd5 14.Ba2 Nb6 15.Qe2 Qd7 16.Rfd1 Rc7
17.Rc2 Rfc8 18.Rcd2 h6 19.Bh2 Nc4 20.Bxc4 Rxc4 21.Nd4 Rxc3 22.bxc3 Ne4